Statistics for Countries on the Least Wikipedias A-Z

Click here to take the quiz!

General Stats

  • This quiz has been taken 40 times
  • The average score is 16 of 24

Answer Stats

Character#Country% Correct
N185Nauru
91%
Y218Yemen
91%
Z209Zambia
91%
V177Vanuatu
88%
P177Palau
85%
Q212Qatar
85%
A196Antigua and Barbuda
79%
O209Oman
79%
T175Tuvalu
79%
F161Federated States of Micronesia
76%
H198Haiti
73%
K178Kiribati
73%
J208Jamaica
70%
B195Barbados
67%
D185Dominica
64%
E200El Salvador, Eswatini
64%
G188Grenada
61%
C197Comoros
58%
R205Republic of the Congo
48%
U211United Arab Emirates
48%
L201Lesotho
45%
S165Saint Vincent and the Grenadines
45%
I217Ivory Coast
33%
M197Mauritius
27%

Score Distribution

Percentile by Number Answered

Percent of People with Each Score

Your Score History

You have not taken this quiz